Forcing long surface waves through two-port basins /

Bibliographic Details
Main Author: Preisendorfer, Rudolph W.
Format: Book
Language:English
Published: Honolulu : Hawaii Institute of Geophysics, University of Hawaii, 1976.
Series:HIG (Series) ; no.76-11.
HIG (Series) ; no.76-12.
NOAA-JTRE (Series) ; no.156.
NOAA-JTRE (Series) ; no.157.
Subjects:

MARC

Tag First Indicator Second Indicator Subfields
LEADER 00000cam a2200000 i 4500
001 in00000015203
005 20151007053013.0
008 771018s1976 hiu s00000 eng d
035 |a (OCoLC)03348977 
035 |9 AAB0017AM 
040 |a OLA  |c OLA  |d m.c.  |d m/c  |d TXA  |d UtOrBLW 
049 |a TXAT 
050 4 |a QE500  |b .H35 no.76-11, etc. 
100 1 |a Preisendorfer, Rudolph W. 
245 1 0 |a Forcing long surface waves through two-port basins /  |c by Rudolph Preisendorfer. 
264 1 |a Honolulu :  |b Hawaii Institute of Geophysics, University of Hawaii,  |c 1976. 
300 |a 2 volumes ;  |c 28 cm. 
336 |a text  |b txt  |2 rdacontent 
337 |a unmediated  |b n  |2 rdamedia 
338 |a volume  |b nc  |2 rdacarrier 
490 1 |a HIG ; 76-11 - 76-12 
490 1 |a (NOAA-JTRE ; 156-157) 
504 |a Includes bibliographic references. 
505 0 |a [pt.] 1. Circuit variables.-- [pt.] 2. Two-flow variables. 
650 0 |a Wave-motion, Theory of. 
650 0 |a Wave equation. 
650 0 |a Water waves. 
830 0 |a HIG (Series) ;  |v no.76-11. 
830 0 |a HIG (Series) ;  |v no.76-12. 
830 0 |a NOAA-JTRE (Series) ;  |v no.156. 
830 0 |a NOAA-JTRE (Series) ;  |v no.157. 
999 |a MARS 
999 f f |s 80f9dd3d-87bb-3068-93a3-5f13cd47f530  |i ab620ce8-6f16-302e-9b69-d83ff298df3d  |t 0 
952 f f |p ric  |a Texas A&M University  |b Rellis Campus  |c Joint Library Facility  |d Remote Storage  |t 0  |e QE500 .H35 no.76-11, etc.  |h Library of Congress classification  |i unmediated -- volume  |k pt.1=no.76-11  |m A14827039271 
952 f f |p ric  |a Texas A&M University  |b Rellis Campus  |c Joint Library Facility  |d Remote Storage  |t 0  |e QE500 .H35 no.76-11, etc.  |h Library of Congress classification  |i unmediated -- volume  |k pt.2=no.76-12  |m A14827039310 
998 f f |a QE500 .H35 no.76-11, etc.  |s v.2, 76-12  |t 0  |l Remote Storage